Pays les plus proches de États-Unis A-Z - Statistiques

Statistiques générales
  • Ce quiz a été pris 356 fois
  • Le résultat moyen est 16 sur 24
Statistiques - réponses
lettre pays % Correct
C Canada
99%
M Mexique
91%
B Bahamas
84%
G Guatemala
82%
J Jamaïque
79%
H Haïti
78%
V Venezuela
78%
F France
77%
N Nicaragua
72%
Z Zambie
72%
P Panama
71%
Y Yémen
71%
A Antigua-et-Barbuda
69%
Q Qatar
66%
R Russie
66%
D Dominique
61%
S Saint-Christophe- et-Niévès
56%
I Islande
52%
E Espagne
48%
O Oman
47%
T Trinité-et-Tobago
45%
K Kiribati
42%
U Ukraine
35%
L Luxembourg
12%
Aucun quiz correspondant
Distribution des résultats
% des personnes avec chaque résultat
Percentile par nombre de réponses
Votre historique - résultats
Vous n’avez pas pris ce quiz